000 01054cam a22002774a 4500
001 12113937
003 OSt
005 20240716161413.0
008 000720s2000 ctu b 001 0 eng
010 _a 00060740
020 _a1565491211 (cloth : alk. paper)
020 _a1565491203 (pbk. : alk. paper)
040 _aDLC
_cMUST
_dDLC
042 _apcc
082 0 0 _a338.91 NEW 2000
_221
245 0 0 _aNew roles and relevance :
_bdevelopment NGOs and the challenge of change /
_cDavid Lewis, Tina Wallace, editors.
260 _aWest Hartford, CT:
_bKumarian Press,
_c2000.
300 _axvii, 252 p. ;
_c23 cm.
504 _aIncludes bibliographical references (p. [225]-240) and index.
650 0 _aNon-governmental organizations.
_97861
700 1 _aLewis, David,
_d1960-
_97862
700 1 _aWallace, Tina.
_97863
906 _a7
_bcbc
_corignew
_d1
_eocip
_f20
_gy-gencatlg
942 _2ddc
_cO_SHELF
999 _c9208
_d9208